[Event "Victoria-Vancouver m"]
[Site "Victoria CAN"]
[Date "2017.01.14"]
[Round "3.2"]
[White "Wu, Howard"]
[Black "Richardson, Kai"]
[Result "1-0"]
[WhiteElo "2200"]
[BlackElo "2060"]
[WhiteFideId "-1"]
[WhiteFideId "-1"]
[PlyCount "115"]
[GameId "2160767908478964"]
[EventDate "2017.01.13"]
[EventType "team-match"]
[EventRounds "5"]
[EventCountry "CAN"]
[SourceTitle "EXT 2022"]
[Source "ChessBase"]
[SourceDate "2021.10.06"]
[SourceVersion "1"]
[SourceVersionDate "2021.10.06"]
[SourceQuality "1"]
[WhiteTeam "Victoria"]
[BlackTeam "Vancouver"]
[WhiteTeamCountry "CAN"]
[BlackTeamCountry "CAN"]

1. e4 e6 2. d4 d5 3. Nd2 Nf6 4. e5 Nfd7 5. Bd3 c5 6. c3 Nc6 7. Ne2 Qb6 8. Nf3 Be7 9. O-O h6 10. a3 Nf8 11. b4 c4 12. Bc2 a5 13. Be3 Nh7 14. Ng3 Qd8 15. Nh5 Bf8 16. Qb1 Ng5 17. Nd2 axb4 18. cxb4 Nh3+ 19. gxh3 Qh4 20. Ng3 Nxd4 21. Bxd4 Qxd4 22. Nf3 Qc3 23. Kg2 Rxa3 24. Rxa3 Qxa3 25. b5 Be7 26. Qa1 O-O 27. Qd4 f5 28. Ra1 Qc5 29. Rb1 Bd7 30. Ne2 Ra8 31. Nf4 Ra2 32. Bd1 Ra5 33. Ng6 Qxd4 34. Nxe7+ Kf7 35. Nxd4 Kxe7 36. Bf3 g6 37. h4 Ra2 38. h5 Rd2 39. Nc6+ Ke8 40. hxg6 c3 41. Nd8 Kf8 42. Nxb7 Rb2 43. Rc1 Rxb5 44. Nd6 Rb3 45. Bd1 Ra3 46. Rb1 Bc6 47. Rb8+ Kg7 48. Rc8 Ba8 49. Bh5 d4+ 50. f3 Bxf3+ 51. Kxf3 c2+ 52. Ke2 Rc3 53. Ne8+ Kf8 54. g7+ Ke7 55. Rxc3 dxc3 56. g8=Q c1=Q 57. Qf7+ Kd8 58. Qc7# 1-0

[Event "Victoria-Vancouver m"]
[Site "Victoria CAN"]
[Date "2017.01.14"]
[Round "3.3"]
[White "Su, Michael"]
[Black "Moore, Harry"]
[Result "0-1"]
[WhiteElo "1940"]
[BlackElo "2196"]
[WhiteFideId "-1"]
[WhiteFideId "-1"]
[PlyCount "70"]
[GameId "2160767908478965"]
[EventDate "2017.01.13"]
[EventType "team-match"]
[EventRounds "5"]
[EventCountry "CAN"]
[SourceTitle "EXT 2022"]
[Source "ChessBase"]
[SourceDate "2021.10.06"]
[SourceVersion "1"]
[SourceVersionDate "2021.10.06"]
[SourceQuality "1"]
[WhiteTeam "Vancouver"]
[BlackTeam "Victoria"]
[WhiteTeamCountry "CAN"]
[BlackTeamCountry "CAN"]

1. d4 Nf6 2. c4 Nc6 3. Nc3 e6 4. e4 Bb4 5. f3 e5 6. Nge2 exd4 7. Nxd4 O-O 8. Be3 Re8 9. Qd2 d6 10. a3 Ba5 11. Be2 Ne5 12. O-O c6 13. b4 Bc7 14. Rfd1 Qe7 15. h3 Ng6 16. Nc2 Nh5 17. f4 Ng3 18. Bd3 f5 19. c5 dxc5 20. e5 cxb4 21. axb4 Be6 22. Kh2 Nh5 23. Nd4 Qf7 24. Nxe6 Qxe6 25. g3 Nxe5 26. fxe5 Qxe5 27. Bf4 Nxf4 28. gxf4 Qxf4+ 29. Qxf4 Bxf4+ 30. Kg2 Be5 31. Ra3 Bxc3 32. Rxc3 Rad8 33. Ra1 Rf8 34. Rxa7 Rf6 35. Raa3 g6 0-1

[Event "Victoria-Vancouver m"]
[Site "Victoria CAN"]
[Date "2017.01.14"]
[Round "3.4"]
[White "Doknjas, John"]
[Black "Sali, Zulfikar"]
[Result "1-0"]
[WhiteElo "2275"]
[BlackElo "2120"]
[WhiteFideId "-1"]
[WhiteFideId "-1"]
[PlyCount "81"]
[GameId "2160767908478966"]
[EventDate "2017.01.13"]
[EventType "team-match"]
[EventRounds "5"]
[EventCountry "CAN"]
[SourceTitle "EXT 2022"]
[Source "ChessBase"]
[SourceDate "2021.10.06"]
[SourceVersion "1"]
[SourceVersionDate "2021.10.06"]
[SourceQuality "1"]
[WhiteTeam "Vancouver"]
[BlackTeam "Victoria"]
[WhiteTeamCountry "CAN"]
[BlackTeamCountry "CAN"]

1. d4 Nf6 2. c4 g6 3. Nc3 Bg7 4. e4 d6 5. f3 O-O 6. Be3 e5 7. d5 c6 8. Bd3 a6 9. Nge2 cxd5 10. cxd5 Nbd7 11. O-O Nh5 12. Bc2 b5 13. a3 Nb6 14. b3 f5 15. exf5 gxf5 16. Qd3 Nf6 17. g4 e4 18. fxe4 Nxg4 19. Bf4 Kh8 20. Rac1 Nd7 21. Kh1 Nde5 22. Qd2 Ra7 23. Nd4 Qh4 24. Nxf5 Bxf5 25. exf5 Bh6 26. Bxh6 Nxh6 27. Ne2 Rg7 28. Qf4 Rg4 29. Qf2 Qg5 30. Nd4 Rg8 31. Ne6 Qf6 32. Rg1 Rh4 33. Rxg8+ Nxg8 34. Qg3 Ng4 35. Bd1 Nxh2 36. Kg1 h5 37. Rc8 Ng4 38. Qxd6 Rh3 39. Rf8 Qc3 40. Rxg8+ Kxg8 41. Qf8+ 1-0

[Event "Victoria-Vancouver m"]
[Site "Victoria CAN"]
[Date "2017.01.14"]
[Round "3.5"]
[White "Patterson, Roger"]
[Black "Doknjas, Joshua"]
[Result "1/2-1/2"]
[WhiteElo "2077"]
[BlackElo "2222"]
[WhiteFideId "-1"]
[WhiteFideId "-1"]
[PlyCount "48"]
[GameId "2160767908478967"]
[EventDate "2017.01.13"]
[EventType "team-match"]
[EventRounds "5"]
[EventCountry "CAN"]
[SourceTitle "EXT 2022"]
[Source "ChessBase"]
[SourceDate "2021.10.06"]
[SourceVersion "1"]
[SourceVersionDate "2021.10.06"]
[SourceQuality "1"]
[WhiteTeam "Victoria"]
[BlackTeam "Vancouver"]
[WhiteTeamCountry "CAN"]
[BlackTeamCountry "CAN"]

1. e4 c5 2. Nf3 d6 3. d4 cxd4 4. Nxd4 Nf6 5. Nc3 a6 6. f4 Nbd7 7. Nf3 e6 8. a4 Qc7 9. Bd3 Be7 10. O-O Nc5 11. Qe1 Nxd3 12. cxd3 O-O 13. Qg3 Bd7 14. e5 Ne8 15. Ne4 f6 16. d4 Bc6 17. Nc3 Bxf3 18. Rxf3 fxe5 19. fxe5 Rxf3 20. Qxf3 dxe5 21. dxe5 Qxe5 22. Bf4 Qc5+ 23. Kh1 Qb6 24. Qe2 Nf6 1/2-1/2

[Event "Victoria-Vancouver m"]
[Site "Victoria CAN"]
[Date "2017.01.15"]
[Round "4.1"]
[White "Richardson, Kai"]
[Black "Gansvind, Valeriya"]
[Result "1/2-1/2"]
[WhiteElo "2060"]
[BlackElo "2251"]
[WhiteFideId "-1"]
[WhiteFideId "-1"]
[PlyCount "50"]
[GameId "2160767908478968"]
[EventDate "2017.01.13"]
[EventType "team-match"]
[EventRounds "5"]
[EventCountry "CAN"]
[SourceTitle "EXT 2022"]
[Source "ChessBase"]
[SourceDate "2021.10.06"]
[SourceVersion "1"]
[SourceVersionDate "2021.10.06"]
[SourceQuality "1"]
[WhiteTeam "Vancouver"]
[BlackTeam "Victoria"]
[WhiteTeamCountry "CAN"]
[BlackTeamCountry "CAN"]

1. d4 g6 2. e4 d6 3. Nc3 Bg7 4. Be3 c6 5. Bc4 a6 6. Nge2 b5 7. Bb3 Qc7 8. a4 b4 9. Na2 a5 10. c4 Nf6 11. f3 Na6 12. Nac1 c5 13. Nd3 Nd7 14. Rb1 Bb7 15. O-O O-O 16. d5 Nab8 17. Qd2 Re8 18. Bh6 Bh8 19. h4 Ne5 20. Nxe5 Bxe5 21. f4 Bf6 22. g3 Bc8 23. f5 Nd7 24. Bg5 Bg7 25. Bc2 Ne5 1/2-1/2

[Event "Victoria-Vancouver m"]
[Site "Victoria CAN"]
[Date "2017.01.15"]
[Round "4.2"]
[White "Su, Michael"]
[Black "Wu, Howard"]
[Result "0-1"]
[WhiteElo "1940"]
[BlackElo "2200"]
[WhiteFideId "-1"]
[WhiteFideId "-1"]
[PlyCount "86"]
[GameId "2160767908478969"]
[EventDate "2017.01.13"]
[EventType "team-match"]
[EventRounds "5"]
[EventCountry "CAN"]
[SourceTitle "EXT 2022"]
[Source "ChessBase"]
[SourceDate "2021.10.06"]
[SourceVersion "1"]
[SourceVersionDate "2021.10.06"]
[SourceQuality "1"]
[WhiteTeam "Vancouver"]
[BlackTeam "Victoria"]
[WhiteTeamCountry "CAN"]
[BlackTeamCountry "CAN"]

1. d4 Nf6 2. c4 c5 3. d5 b5 4. cxb5 a6 5. bxa6 Bxa6 6. Nc3 d6 7. g3 g6 8. Bg2 Bg7 9. Nf3 O-O 10. O-O Nbd7 11. Rb1 Ng4 12. Bd2 Nge5 13. Nxe5 Nxe5 14. b3 Qb6 15. Qc2 Rab8 16. a4 Bc8 17. Kh1 Ba6 18. f4 Ng4 19. Bf3 Nf6 20. Rfe1 Nd7 21. Ne4 Bb7 22. Nc3 Rfe8 23. Nb5 e6 24. e4 exd5 25. exd5 Ba6 26. Na3 Rxe1+ 27. Bxe1 Re8 28. a5 Qd8 29. Nc4 Bd4 30. Bd2 Bb7 31. Re1 Rxe1+ 32. Bxe1 Nf6 33. Nb6 Qe8 34. Bf2 Qb5 35. Bxd4 Qf1+ 36. Bg1 Qxf3+ 37. Qg2 Qxb3 38. Qd2 Qf3+ 39. Qg2 Qb3 40. h3 c4 41. Bd4 c3 42. Bxf6 c2 43. Qf1 Qb1 0-1

[Event "Victoria-Vancouver m"]
[Site "Victoria CAN"]
[Date "2017.01.15"]
[Round "4.3"]
[White "Moore, Harry"]
[Black "Doknjas, John"]
[Result "0-1"]
[WhiteElo "2196"]
[BlackElo "2275"]
[WhiteFideId "-1"]
[WhiteFideId "-1"]
[PlyCount "52"]
[GameId "2160767908478970"]
[EventDate "2017.01.13"]
[EventType "team-match"]
[EventRounds "5"]
[EventCountry "CAN"]
[SourceTitle "EXT 2022"]
[Source "ChessBase"]
[SourceDate "2021.10.06"]
[SourceVersion "1"]
[SourceVersionDate "2021.10.06"]
[SourceQuality "1"]
[WhiteTeam "Victoria"]
[BlackTeam "Vancouver"]
[WhiteTeamCountry "CAN"]
[BlackTeamCountry "CAN"]

1. e4 c5 2. c3 d5 3. exd5 Qxd5 4. d4 Nf6 5. Nf3 Bg4 6. dxc5 Qxc5 7. Be3 Qc7 8. Na3 a6 9. Qa4+ Nbd7 10. Bf4 Qc8 11. Ne5 Be6 12. Bc4 b5 13. Bxe6 bxa4 14. Bxf7+ Kd8 15. O-O-O e6 16. Nac4 Ke7 17. Bg5 Nxe5 18. Nxe5 h6 19. Bh4 g5 20. Bg3 Bg7 21. Rhe1 a3 22. Bg6 axb2+ 23. Kb1 Nd5 24. Rxd5 exd5 25. Nc6+ Kf6 26. Ne7 Qxc3 0-1

[Event "Victoria-Vancouver m"]
[Site "Victoria CAN"]
[Date "2017.01.15"]
[Round "4.4"]
[White "Sali, Zulfikar"]
[Black "Doknjas, Joshua"]
[Result "1-0"]
[WhiteElo "2120"]
[BlackElo "2222"]
[WhiteFideId "-1"]
[WhiteFideId "-1"]
[PlyCount "87"]
[GameId "2160767908478971"]
[EventDate "2017.01.13"]
[EventType "team-match"]
[EventRounds "5"]
[EventCountry "CAN"]
[SourceTitle "EXT 2022"]
[Source "ChessBase"]
[SourceDate "2021.10.06"]
[SourceVersion "1"]
[SourceVersionDate "2021.10.06"]
[SourceQuality "1"]
[WhiteTeam "Victoria"]
[BlackTeam "Vancouver"]
[WhiteTeamCountry "CAN"]
[BlackTeamCountry "CAN"]

1. e4 c5 2. Nf3 d6 3. d4 cxd4 4. Nxd4 Nf6 5. Nc3 a6 6. Bg5 Nbd7 7. Bc4 Qb6 8. Bb3 e6 9. Be3 Nc5 10. O-O Qc7 11. f4 b5 12. e5 Nxb3 13. axb3 dxe5 14. Ndxb5 Qb8 15. fxe5 axb5 16. Rxa8 Qxa8 17. exf6 gxf6 18. Nxb5 Qc6 19. Nd4 Qe4 20. Qf3 Qxf3 21. Nxf3 Bb7 22. Ra1 Rg8 23. Kf2 Bd6 24. Ra7 Be4 25. g3 Bb8 26. Ra4 Bc6 27. Rh4 Rh8 28. Rh6 Be4 29. c4 Bxf3 30. Kxf3 Be5 31. b4 Bxb2 32. b5 Ke7 33. c5 Be5 34. Ke4 Bc7 35. g4 Rg8 36. h3 Rh8 37. b6 Be5 38. g5 Rg8 39. gxf6+ Bxf6 40. c6 Bg7 41. Bc5+ Kd8 42. Rxh7 f5+ 43. Kf3 e5 44. Bd6 1-0

[Event "Victoria-Vancouver m"]
[Site "Victoria CAN"]
[Date "2017.01.15"]
[Round "4.5"]
[White "Barranco, Francisco"]
[Black "Patterson, Roger"]
[Result "1-0"]
[WhiteElo "2109"]
[BlackElo "2077"]
[WhiteFideId "-1"]
[WhiteFideId "-1"]
[PlyCount "53"]
[GameId "2160767908478972"]
[EventDate "2017.01.13"]
[EventType "team-match"]
[EventRounds "5"]
[EventCountry "CAN"]
[SourceTitle "EXT 2022"]
[Source "ChessBase"]
[SourceDate "2021.10.06"]
[SourceVersion "1"]
[SourceVersionDate "2021.10.06"]
[SourceQuality "1"]
[WhiteTeam "Vancouver"]
[BlackTeam "Victoria"]
[WhiteTeamCountry "CAN"]
[BlackTeamCountry "CAN"]

1. d4 d5 2. Nf3 Nf6 3. c4 c6 4. Nc3 dxc4 5. a4 Bf5 6. e3 e6 7. Bxc4 Bb4 8. O-O O-O 9. Qe2 Nbd7 10. Rd1 Bg6 11. h3 h6 12. Bd3 Bxd3 13. Qxd3 Qc7 14. e4 Rfd8 15. e5 Nd5 16. Nxd5 cxd5 17. Bf4 Rac8 18. Rac1 Qb6 19. Nh2 Bf8 20. b3 Rc6 21. Rxc6 bxc6 22. Qg3 Kh7 23. Rd3 c5 24. Rf3 cxd4 25. Bxh6 Kg8 26. Ng4 Qc5 27. Bg5 1-0

[Event "Victoria-Vancouver m"]
[Site "Victoria CAN"]
[Date "2017.01.15"]
[Round "5.1"]
[White "Gansvind, Valeriya"]
[Black "Su, Michael"]
[Result "1-0"]
[WhiteElo "2251"]
[BlackElo "1940"]
[WhiteFideId "-1"]
[WhiteFideId "-1"]
[PlyCount "82"]
[GameId "2160767908478973"]
[EventDate "2017.01.13"]
[EventType "team-match"]
[EventRounds "5"]
[EventCountry "CAN"]
[SourceTitle "EXT 2022"]
[Source "ChessBase"]
[SourceDate "2021.10.06"]
[SourceVersion "1"]
[SourceVersionDate "2021.10.06"]
[SourceQuality "1"]
[WhiteTeam "Victoria"]
[BlackTeam "Vancouver"]
[WhiteTeamCountry "CAN"]
[BlackTeamCountry "CAN"]

1. d4 e6 2. Nf3 f5 3. g3 Nf6 4. Bg2 d5 5. c4 c6 6. Qc2 Bd6 7. O-O O-O 8. Ne1 Nbd7 9. Nd3 e5 10. dxe5 Nxe5 11. Nxe5 Bxe5 12. Nd2 Bc7 13. Nf3 Be6 14. Nd4 Qd7 15. c5 Be5 16. e3 b6 17. cxb6 Bxd4 18. exd4 axb6 19. Be3 Rac8 20. b4 Ne4 21. Rfd1 Qe7 22. a3 g5 23. f3 Nd6 24. Qc1 h6 25. Re1 Qf6 26. Bf2 Nc4 27. a4 Ra8 28. f4 b5 29. a5 Bc8 30. Ra2 Bd7 31. Bf1 Rfe8 32. Rae2 Rxe2 33. Rxe2 Kf7 34. Re1 g4 35. Bd3 Be6 36. Re2 h5 37. Qc2 Ra7 38. Re5 Nxe5 39. dxe5 Qe7 40. Bxf5 Ra6 41. Bg6+ Kf8 1-0

[Event "Victoria-Vancouver m"]
[Site "Victoria CAN"]
[Date "2017.01.15"]
[Round "5.2"]
[White "Doknjas, John"]
[Black "Wu, Howard"]
[Result "1/2-1/2"]
[WhiteElo "2275"]
[BlackElo "2200"]
[WhiteFideId "-1"]
[WhiteFideId "-1"]
[PlyCount "81"]
[GameId "2160767908478974"]
[EventDate "2017.01.13"]
[EventType "team-match"]
[EventRounds "5"]
[EventCountry "CAN"]
[SourceTitle "EXT 2022"]
[Source "ChessBase"]
[SourceDate "2021.10.06"]
[SourceVersion "1"]
[SourceVersionDate "2021.10.06"]
[SourceQuality "1"]
[WhiteTeam "Vancouver"]
[BlackTeam "Victoria"]
[WhiteTeamCountry "CAN"]
[BlackTeamCountry "CAN"]

1. d4 Nf6 2. c4 g6 3. Nc3 Bg7 4. e4 d6 5. f3 O-O 6. Be3 c5 7. Nge2 Nc6 8. d5 Ne5 9. Ng3 e6 10. Be2 exd5 11. cxd5 h5 12. O-O a6 13. a4 Re8 14. Qd2 Nh7 15. a5 h4 16. Nh1 b5 17. axb6 Qxb6 18. Nf2 f5 19. Ra2 Nf7 20. Rb1 Qb4 21. Ra4 Bxc3 22. Qc2 Rb8 23. Rxb4 Bxb4 24. b3 Nf6 25. Bc1 a5 26. Bb2 Nh5 27. Nd3 fxe4 28. fxe4 Ng7 29. Rf1 Ng5 30. Nxb4 Rxb4 31. Qc3 Rd4 32. Qc1 Rdxe4 33. Qxg5 Rxe2 34. Qf6 R2e7 35. Qxg6 Bd7 36. Qxd6 Bb5 37. Bc3 Bxf1 38. Kxf1 Rf7+ 39. Kg1 h3 40. gxh3 Kh7 41. Qxc5 1/2-1/2

[Event "Victoria-Vancouver m"]
[Site "Victoria CAN"]
[Date "2017.01.15"]
[Round "5.3"]
[White "Doknjas, Joshua"]
[Black "Moore, Harry"]
[Result "0-1"]
[WhiteElo "2222"]
[BlackElo "2196"]
[WhiteFideId "-1"]
[WhiteFideId "-1"]
[PlyCount "84"]
[GameId "2160767908478975"]
[EventDate "2017.01.13"]
[EventType "team-match"]
[EventRounds "5"]
[EventCountry "CAN"]
[SourceTitle "EXT 2022"]
[Source "ChessBase"]
[SourceDate "2021.10.06"]
[SourceVersion "1"]
[SourceVersionDate "2021.10.06"]
[SourceQuality "1"]
[WhiteTeam "Vancouver"]
[BlackTeam "Victoria"]
[WhiteTeamCountry "CAN"]
[BlackTeamCountry "CAN"]

1. e4 Nf6 2. e5 Nd5 3. d4 d6 4. c4 Nb6 5. exd6 cxd6 6. Nc3 g6 7. Be3 Bg7 8. Rc1 O-O 9. b3 Nc6 10. d5 Ne5 11. Be2 a5 12. a4 Re8 13. h3 e6 14. dxe6 Bxe6 15. Nf3 d5 16. c5 Nxf3+ 17. Bxf3 d4 18. Nb5 dxe3 19. Qxd8 exf2+ 20. Kxf2 Raxd8 21. cxb6 Rd2+ 22. Kg1 Bxb3 23. Bxb7 Bxa4 24. Nc3 Bd4+ 25. Kh2 Be5+ 26. Kg1 Bc2 27. Nb1 Bxb1 28. Rxb1 Rb8 29. Bf3 Rxb6 30. Rxb6 Bd4+ 31. Kh2 Bxb6 32. Rd1 Rxd1 33. Bxd1 f5 34. Kg3 Kg7 35. Kf3 Kf6 36. g4 h6 37. h4 Ke5 38. Bc2 Bd8 39. gxf5 gxf5 40. h5 f4 41. Ke2 Kd4 42. Kd2 Bg5 0-1

[Event "Victoria-Vancouver m"]
[Site "Victoria CAN"]
[Date "2017.01.15"]
[Round "5.5"]
[White "Patterson, Roger"]
[Black "Richardson, Kai"]
[Result "0-1"]
[WhiteElo "2077"]
[BlackElo "2060"]
[WhiteFideId "-1"]
[WhiteFideId "-1"]
[PlyCount "40"]
[GameId "2160767908474880"]
[EventDate "2017.01.13"]
[EventType "team-match"]
[EventRounds "5"]
[EventCountry "CAN"]
[SourceTitle "EXT 2022"]
[Source "ChessBase"]
[SourceDate "2021.10.06"]
[SourceVersion "1"]
[SourceVersionDate "2021.10.06"]
[SourceQuality "1"]
[WhiteTeam "Victoria"]
[BlackTeam "Vancouver"]
[WhiteTeamCountry "CAN"]
[BlackTeamCountry "CAN"]

1. c4 c5 2. g3 g6 3. Bg2 Bg7 4. Nf3 Nc6 5. Nc3 e6 6. d4 cxd4 7. Nb5 d5 8. cxd5 Qa5+ 9. Bd2 Qxb5 10. dxc6 bxc6 11. Rc1 Bb7 12. b4 Ne7 13. Rc5 Qb6 14. O-O O-O 15. Qc2 Nd5 16. Rb1 Rac8 17. e4 dxe3 18. fxe3 Rfd8 19. Kh1 Bf8 20. Rc4 Nxe3 0-1

[Event "Winnipeg TNT April op"]
[Site "Winnipeg CAN"]
[Date "2017.04.04"]
[Round "1"]
[White "Baron, Gustav"]
[Black "Remillard, John"]
[Result "1-0"]
[WhiteElo "2139"]
[BlackElo "1655"]
[WhiteFideId "-1"]
[WhiteFideId "-1"]
[PlyCount "69"]
[GameId "2160767908412198"]
[EventDate "2017.04.04"]
[EventType "swiss"]
[EventRounds "4"]
[EventCountry "CAN"]
[SourceTitle "EXT 2022"]
[Source "ChessBase"]
[SourceDate "2021.10.06"]
[SourceVersion "1"]
[SourceVersionDate "2021.10.06"]
[SourceQuality "1"]

1. e4 e5 2. Nf3 d6 3. d4 exd4 4. Qxd4 Bd7 5. Bg5 f6 6. Bh4 Nc6 7. Qd1 Nge7 8. Nc3 Ng6 9. Bc4 Nce5 10. Nxe5 dxe5 11. Qd5 Qe7 12. Qxb7 Rd8 13. Bg3 c6 14. O-O-O Nf4 15. Bxf4 exf4 16. f3 Qc5 17. Bb3 Bd6 18. Rd3 Rb8 19. Qa6 Bc8 20. Qc4 Qxc4 21. Bxc4 Ke7 22. Rhd1 Rd8 23. Ne2 Be6 24. Bxe6 Kxe6 25. Nd4+ Kd7 26. Nf5 Kc7 27. Nxd6 Rd7 28. Ne8+ Rxe8 29. Rxd7+ Kb6 30. Rxg7 h5 31. Rdd7 a5 32. Rdf7 Re6 33. Rg6 Kc5 34. Rfxf6 Rxf6 35. Rxf6 1-0

[Event "Winnipeg TNT April op"]
[Site "Winnipeg CAN"]
[Date "2017.04.04"]
[Round "1"]
[White "Gannon, Keith"]
[Black "Bince, Rolando"]
[Result "0-1"]
[WhiteElo "1606"]
[BlackElo "2127"]
[WhiteFideId "-1"]
[WhiteFideId "-1"]
[PlyCount "106"]
[GameId "2160767908412199"]
[EventDate "2017.04.04"]
[EventType "swiss"]
[EventRounds "4"]
[EventCountry "CAN"]
[SourceTitle "EXT 2022"]
[Source "ChessBase"]
[SourceDate "2021.10.06"]
[SourceVersion "1"]
[SourceVersionDate "2021.10.06"]
[SourceQuality "1"]

1. e4 c5 2. Nf3 Nc6 3. d4 cxd4 4. Nxd4 Nf6 5. Nxc6 bxc6 6. Nd2 Qa5 7. c3 e6 8. Bd3 d5 9. exd5 cxd5 10. O-O Bd6 11. Re1 O-O 12. b4 Qc7 13. Bb2 Bxh2+ 14. Kh1 Bf4 15. Nf3 Ng4 16. Qe2 f5 17. c4 Qf7 18. Ng1 Bb7 19. cxd5 Bxd5 20. Nh3 Bh6 21. Be5 Nxe5 22. Qxe5 Rac8 23. Nf4 Bxf4 24. Qxf4 Rc3 25. Bb5 Qb7 26. Bf1 Rfc8 27. a4 Kf7 28. b5 Rh3+ 29. Kg1 g5 30. Qe5 Rhc3 31. a5 R3c5 32. Qd6 Qc7 33. Qxc7+ R8xc7 34. b6 axb6 35. axb6 Rb7 36. Ra7 Rxa7 37. bxa7 Ra5 38. a8=Q Rxa8 39. Rc1 Kf6 40. g3 h5 41. Bg2 Ra5 42. Bxd5 exd5 43. Rc6+ Ke5 44. Rh6 h4 45. gxh4 g4 46. h5 d4 47. Kf1 Rd5 48. Rh8 d3 49. Ke1 Ke4 50. Kd1 Kf4 51. h6 Kg5 52. h7 Kg6 53. Re8 Kxh7 0-1

[Event "Winnipeg TNT April op"]
[Site "Winnipeg CAN"]
[Date "2017.04.04"]
[Round "1"]
[White "Green, Jim"]
[Black "Piche, Zachary"]
[Result "1-0"]
[WhiteElo "1842"]
[BlackElo "1350"]
[WhiteFideId "-1"]
[WhiteFideId "-1"]
[PlyCount "61"]
[GameId "2160767908412200"]
[EventDate "2017.04.04"]
[EventType "swiss"]
[EventRounds "4"]
[EventCountry "CAN"]
[SourceTitle "EXT 2022"]
[Source "ChessBase"]
[SourceDate "2021.10.06"]
[SourceVersion "1"]
[SourceVersionDate "2021.10.06"]
[SourceQuality "1"]

1. e4 c5 2. Nf3 d6 3. Bb5+ Bd7 4. Bxd7+ Qxd7 5. O-O Nf6 6. Qe2 g6 7. Rd1 Bg7 8. Nc3 Nc6 9. d4 cxd4 10. Nxd4 Nxd4 11. Rxd4 Ng4 12. Rd1 Ne5 13. f4 Nc6 14. e5 O-O 15. Be3 Qe6 16. Nb5 Rfc8 17. exd6 exd6 18. Rxd6 Qe7 19. Qd2 Rd8 20. Bc5 Rxd6 21. Qxd6 Qxd6 22. Nxd6 Bxb2 23. Rb1 Bd4+ 24. Bxd4 Nxd4 25. Rxb7 Nxc2 26. Nxf7 Rf8 27. Nh6+ Kh8 28. g3 Ra8 29. Kf2 Nd4 30. Ng4 a5 31. Nf6 1-0

[Event "Winnipeg TNT April op"]
[Site "Winnipeg CAN"]
[Date "2017.04.04"]
[Round "1"]
[White "Kernetsky, Myron"]
[Black "Goodman, Clifford"]
[Result "1-0"]
[WhiteElo "2126"]
[BlackElo "1602"]
[WhiteFideId "-1"]
[WhiteFideId "-1"]
[PlyCount "67"]
[GameId "2160767908412201"]
[EventDate "2017.04.04"]
[EventType "swiss"]
[EventRounds "4"]
[EventCountry "CAN"]
[SourceTitle "EXT 2022"]
[Source "ChessBase"]
[SourceDate "2021.10.06"]
[SourceVersion "1"]
[SourceVersionDate "2021.10.06"]
[SourceQuality "1"]

1. d4 Nf6 2. Nf3 e6 3. Bf4 d5 4. Nbd2 c5 5. e3 Nc6 6. c3 Be7 7. Bd3 h6 8. h3 Bd6 9. Ne5 Qc7 10. Ndf3 Nd7 11. Bb5 Bxe5 12. Nxe5 Qb6 13. Qa4 Ndxe5 14. Bxe5 f6 15. Bg3 O-O 16. O-O cxd4 17. exd4 Bd7 18. Rfe1 Rfe8 19. Re3 a6 20. Bxc6 Qxc6 21. Qc2 Rac8 22. Qg6 Re7 23. Bf4 Be8 24. Qg4 g5 25. h4 f5 26. Qg3 Rg7 27. hxg5 hxg5 28. Bxg5 Qc7 29. Re5 Bf7 30. Rae1 b5 31. a3 Qd6 32. R1e3 Qf8 33. Qf4 Rh7 34. Rg3 1-0

[Event "Winnipeg TNT April op"]
[Site "Winnipeg CAN"]
[Date "2017.04.04"]
[Round "1"]
[White "Marshall, Carter"]
[Black "Prince, Colin"]
[Result "0-1"]
[WhiteElo "1429"]
[BlackElo "1865"]
[WhiteFideId "-1"]
[WhiteFideId "-1"]
[PlyCount "64"]
[GameId "2160767908412203"]
[EventDate "2017.04.04"]
[EventType "swiss"]
[EventRounds "4"]
[EventCountry "CAN"]
[SourceTitle "EXT 2022"]
[Source "ChessBase"]
[SourceDate "2021.10.06"]
[SourceVersion "1"]
[SourceVersionDate "2021.10.06"]
[SourceQuality "1"]

1. e4 e5 2. Nf3 Nc6 3. Bc4 Nf6 4. Nc3 Bc5 5. d3 h6 6. Qe2 d6 7. h3 a6 8. Be3 Nd7 9. a3 b5 10. Bd5 Bb7 11. O-O O-O 12. b4 Bb6 13. a4 bxa4 14. Nxa4 Rb8 15. Nxb6 Nxb6 16. Bxc6 Bxc6 17. Rxa6 f5 18. Bxb6 cxb6 19. exf5 Rxf5 20. Nd2 Qg5 21. f3 Bd7 22. Ne4 Qg6 23. Qe3 Rf4 24. g4 h5 25. Rxb6 Rxb6 26. Qxb6 hxg4 27. Qd8+ Kh7 28. Qh4+ Kg8 29. hxg4 Bxg4 30. Qd8+ Kh7 31. Qh4+ Bh5+ 32. Ng3 Rxh4 0-1

[Event "Winnipeg TNT April op"]
[Site "Winnipeg CAN"]
[Date "2017.04.04"]
[Round "1"]
[White "Myrzaibraimov, Azamat"]
[Black "Czypinski, Jaroslaw"]
[Result "0-1"]
[WhiteElo "1507"]
[BlackElo "1982"]
[WhiteFideId "-1"]
[WhiteFideId "-1"]
[PlyCount "84"]
[GameId "2160767908412204"]
[EventDate "2017.04.04"]
[EventType "swiss"]
[EventRounds "4"]
[EventCountry "CAN"]
[SourceTitle "EXT 2022"]
[Source "ChessBase"]
[SourceDate "2021.10.06"]
[SourceVersion "1"]
[SourceVersionDate "2021.10.06"]
[SourceQuality "1"]

1. e4 d5 2. f3 e5 3. exd5 Bc5 4. c3 Nf6 5. Bc4 O-O 6. d3 Nxd5 7. Ne2 Nc6 8. a4 Be6 9. Bxd5 Bxd5 10. b4 Bd6 11. O-O Ne7 12. Bg5 f6 13. Bh4 Nf5 14. Bf2 b6 15. c4 Bb7 16. Qb3 Be7 17. Nbc3 Kh8 18. Rfd1 Nd4 19. Nxd4 exd4 20. Ne2 c5 21. bxc5 Bxc5 22. Qb2 Re8 23. Re1 Qd7 24. Bxd4 Rxe2 25. Qxe2 Bxd4+ 26. Kh1 Bxa1 27. Rxa1 Re8 28. Qb2 Qxa4 29. Qb1 Qd7 30. Rxa7 Qxd3 31. Qa1 Bxf3 32. gxf3 Qxf3+ 33. Kg1 Qg4+ 34. Kh1 Qxc4 35. Kg1 b5 36. Kh1 b4 37. h3 b3 38. Qg1 Qd5+ 39. Kh2 Re2+ 40. Kg3 Qd3+ 41. Kh4 Re4+ 42. Qg4 Rxg4+ 0-1